| 000 | 00631nam a2200217 a 4500 | ||
|---|---|---|---|
| 005 | 20140310183504.0 | ||
| 008 | 100816s19uu xx 00 eng d | ||
| 020 | _a9780470741320 | ||
| 050 |
_aRJ 496.A5 _b.W66 2009 |
||
| 100 | _aWood, Tracey | ||
| 245 |
_aUnderstanding & managing dyslexia for dummies / _cTracey Wood. |
||
| 260 |
_aEngland : _bWiley, _c2009. |
||
| 300 |
_a370 p. : _bill. ; _c24 cm. |
||
| 521 | _aEDU | ||
| 650 |
_aDyslexia _xPopular works. |
||
| 650 |
_aDyslexia _xDiagnosis _xPopular works. |
||
| 650 |
_aDyslexics _xEducation. |
||
| 700 | _aCochrane, Katrina | ||
| 942 |
_cBK _2lcc _kFOR |
||
| 999 |
_c24007 _d24007 |
||